000 00366nam a2200145Ia 4500
008 230917s9999||||xx |||||||||||||| ||und||
040 _e83181
_aMAIN
041 _aEnglish
082 _a512.24 S23S
100 _aSharp, R Y
245 0 _aSteps in commutative algebra
260 _aCambridge
_bCambridge University Press
_c1990
300 _aix, 321 p.
942 _cBK
999 _c85828
_d85828